000 00664nam a2200265Ia 4500
005 20260121173620.0
008 008 260114s9999 xx 000 0 eng d
020 _a9783319186900
037 _aEBOOK
040 _aCRL
040 _beng
040 _cCRL
041 _2eng
041 _aeng
084 _qCRL
100 _aMaximilian Joost
_91103071
245 0 _aSynthesis and Original Reactivity of Copper and Gold Complexes
260 _bSpringer
260 _bSpringer
260 _c2015
856 _uhttps://link.springer.com/openurl?genre=book&isbn=978-3-319-18690-0
942 _cEBOOK
999 _c1668816
_d1668816